000 00332nam a2200145 i 4500
001 bg
100 1 _aPLATO,
_d((427-347 a.C.))
245 0 _aZimorodek i inne dialogi /
_cPlaton.
260 _aWarszawa,
_c1985.
700 1 _aPlaton,
040 _cBPK
041 _apol
942 _cKS
008 s pl f |000 0 pol
999 _c28273
_d28273
856 _uhttp://koha.tu.koszalin.pl/cgi-bin/koha/opac-detail.pl?biblionumber=28273
_yKatalog online BPK